000
00300nam a2200133Ia 4500
008
221030s9999 xx 000 0 und d
041
_a
English
082
_a
105.23
100
_a
D Verma
245
0
_a
Elements of System Analysis & Design
_c
by D Verma
260
_c
0
650
_a
Mc
942
_c
BK
999
_c
11984
_d
11984